[Event "Klatovy"]
[Site "?"]
[Date "2007.??.??"]
[Round "?"]
[White "Straka, V."]
[Black "Volak, M."]
[Result "0-1"]
[WhiteElo "1930"]
[BlackElo "2145"]
[PlyCount "88"]
[EventDate "2007.??.??"]

1. d4 Nf6 2. c4 g6 3. Nc3 Bg7 4. e4 d6 5. f3 O-O 6. Bg5 c6 7. Bd3 e5 8. d5 Qa5
9. Qd2 cxd5 10. Nxd5 Qxd2+ 11. Kxd2 Nxd5 12. cxd5 f6 13. Be3 f5 14. Rc1 Nd7 15.
Ne2 Nf6 16. h3 Nh5 17. Rhf1 a6 18. g4 Nf6 19. gxf5 gxf5 20. h4 Kh8 21. b3 fxe4
22. fxe4 Bh3 23. Rg1 Rac8 24. Rxc8 Rxc8 25. Rc1 Rxc1 26. Kxc1 Ng4 27. Bg5 Bf6
28. Bxf6+ Nxf6 29. Ng3 Kg7 30. Kd2 Kg6 31. Be2 Nd7 32. b4 Nf8 33. Ke3 Kh6 34.
Nf5+ Bxf5 35. exf5 Nd7 36. a3 Kg7 37. Bd1 Nb6 38. Ke4 Kf6 39. Bb3 Kg7 40. Kd3
Kh6 41. Bd1 Nxd5 42. Bf3 Nf4+ 43. Kc4 b5+ 44. Kc3 d5 0-1

[Event "Klatovy"]
[Site "?"]
[Date "2007.??.??"]
[Round "?"]
[White "Routner, J."]
[Black "Sibl, V."]
[Result "1-0"]
[WhiteElo "2135"]
[BlackElo "1900"]
[PlyCount "65"]
[EventDate "2007.??.??"]

1. e4 d6 2. d4 Nf6 3. Nc3 Nbd7 4. Nf3 e5 5. Bc4 Be7 6. h3 O-O 7. O-O c6 8. a4
b6 9. Be3 Bb7 10. Qd2 a6 11. dxe5 dxe5 12. Rad1 Qc7 13. Nh4 Rfd8 14. Nf5 Nc5
15. Qe2 Bf8 16. Bg5 Rxd1 17. Rxd1 Ncd7 18. Qf3 b5 19. Bb3 b4 20. Ne2 c5 21.
Nh6+ gxh6 22. Rxd7 Qxd7 23. Bxf6 Bd6 24. Qg3+ Kf8 25. Qg7+ Ke8 26. Qg8+ Bf8 27.
Ng3 c4 28. Bxc4 Rc8 29. Bb3 Rc6 30. Bg7 Qe7 31. Nf5 Rg6 32. Bxf8 Qxf8 33. Bxf7+
1-0

[Event "Klatovy"]
[Site "?"]
[Date "2007.??.??"]
[Round "?"]
[White "Skut, M."]
[Black "Janocko, P."]
[Result "0-1"]
[WhiteElo "1895"]
[BlackElo "2130"]
[PlyCount "94"]
[EventDate "2007.??.??"]

1. e4 c6 2. d4 d5 3. exd5 cxd5 4. c4 Nf6 5. Nc3 e6 6. Nf3 Be7 7. Bd3 Nc6 8. a3
O-O 9. c5 b6 10. b4 bxc5 11. bxc5 Nd7 12. Bf4 Bf6 13. O-O g6 14. Qa4 Ndb8 15.
Rab1 Bd7 16. Bb5 Qc8 17. Rb2 Bd8 18. Bd6 Re8 19. Ne5 Nxe5 20. dxe5 Bg5 21. Bxd7
Nxd7 22. c6 Nb6 23. Rxb6 axb6 24. Qb5 Ra5 25. Qxb6 Ra6 26. Qd4 Rxc6 27. Nb5 Rc1
28. g3 Rxf1+ 29. Kxf1 Qa6 30. a4 Ra8 31. h4 Bd8 32. Bb4 Qxa4 33. Qc5 Ba5 34.
Bxa5 Qxa5 35. Qc6 Qa6 36. Qxa6 Rxa6 37. Ke2 Rb6 38. Nd4 Rb4 39. Nf3 h6 40. Ke1
Kf8 41. Nd2 Ke7 42. f4 f6 43. Kd1 fxe5 44. fxe5 Rg4 45. Nf1 Re4 46. Nh2 h5 47.
Nf3 Re3 0-1

[Event "Klatovy"]
[Site "?"]
[Date "2007.??.??"]
[Round "?"]
[White "Cakl, Z."]
[Black "Vacek, M."]
[Result "1/2-1/2"]
[WhiteElo "2130"]
[BlackElo "1895"]
[PlyCount "112"]
[EventDate "2007.??.??"]

1. Nf3 g6 2. d4 Bg7 3. e3 Nf6 4. b3 O-O 5. Bb2 d5 6. Be2 c6 7. O-O Bg4 8. Nbd2
Nbd7 9. c4 e6 10. Rc1 Re8 11. b4 dxc4 12. Nxc4 Nb6 13. Nce5 Bxf3 14. Bxf3 Nfd5
15. Qb3 Bxe5 16. dxe5 Qe7 17. a3 a6 18. e4 Nc7 19. a4 Red8 20. Rfd1 Rxd1+ 21.
Rxd1 Rd8 22. Bd4 Nd7 23. g3 Kg7 24. Be2 c5 25. bxc5 Nxc5 26. Qb4 b6 27. a5 Nb5
28. axb6 Nxd4 29. Rxd4 a5 30. Qc3 Rb8 31. Qxa5 Nb3 32. Qa7 Rb7 33. Ra4 Nc5 34.
Ra2 Qd8 35. Qa5 Qxb6 36. Qxb6 Rxb6 37. f3 Nd7 38. Ra5 Rc6 39. Kf2 Rc5 40. Rxc5
Nxc5 41. Ke3 Nd7 42. Kd4 g5 43. Bb5 Nf8 44. Ke3 Ng6 45. f4 h6 46. Be2 gxf4+ 47.
gxf4 Ne7 48. h4 Nc6 49. h5 Kf8 50. Bb5 Nd8 51. Kd4 Ke7 52. f5 f6 53. exf6+ Kxf6
54. fxe6 Nxe6+ 55. Ke3 Ng5 56. Be8 Nxe4 1/2-1/2

[Event "Klatovy"]
[Site "?"]
[Date "2007.??.??"]
[Round "?"]
[White "Muzikar, M."]
[Black "Brom, J."]
[Result "0-1"]
[WhiteElo "1890"]
[BlackElo "2120"]
[PlyCount "100"]
[EventDate "2007.??.??"]

1. e4 c5 2. Nf3 Nc6 3. d4 cxd4 4. Nxd4 Nf6 5. Nc3 e5 6. Ndb5 d6 7. Nd5 Nxd5 8.
exd5 Nb8 9. c4 a6 10. Nc3 Be7 11. Be3 Bg5 12. Qd2 Bxe3 13. Qxe3 O-O 14. Bd3 f5
15. f4 Nd7 16. O-O Qc7 17. Kh1 exf4 18. Qxf4 Ne5 19. Be2 Bd7 20. Rac1 Qb6 21.
b3 Rac8 22. Qg3 Qb4 23. Rf4 Ng6 24. Rff1 b5 25. Qd3 bxc4 26. bxc4 Qc5 27. Nd1
Ne5 28. Qe3 Qxe3 29. Nxe3 f4 30. Nd1 g5 31. h3 Rc5 32. Nb2 Bf5 33. Rc3 Ra5 34.
a4 Rb8 35. Nd3 Bxd3 36. Bxd3 Rb4 37. Re1 Rc5 38. Rec1 a5 39. Be2 Kf7 40. g3 f3
41. Bxf3 Rcxc4 42. Rxc4 Rxc4 43. Rxc4 Nxc4 44. Kg2 Kf6 45. Be2 Nb6 46. Kf3 Nxa4
47. Kg4 Nc3 48. Bc4 a4 49. Kh5 a3 50. Kh6 a2 0-1

[Event "Klatovy"]
[Site "?"]
[Date "2007.??.??"]
[Round "?"]
[White "Gdovin, J."]
[Black "Vlcek, M."]
[Result "1-0"]
[WhiteElo "2115"]
[BlackElo "1890"]
[PlyCount "57"]
[EventDate "2007.??.??"]

1. e4 e5 2. Nf3 Nc6 3. Bb5 a6 4. Ba4 Bc5 5. c3 b5 6. Bb3 Nf6 7. d4 exd4 8. e5
Qe7 9. O-O Ng4 10. cxd4 Bb6 11. Bg5 Qf8 12. h3 Nh6 13. Nc3 Nf5 14. Nd5 Bb7 15.
Nxb6 cxb6 16. d5 Na5 17. Bc2 Ne7 18. Be4 h6 19. Bf4 O-O-O 20. Qd4 g5 21. Bg3
Ng6 22. Qxb6 Qb4 23. Rfe1 Nc4 24. Rac1 Kb8 25. Qd4 Qxb2 26. Rxc4 Qxa2 27. Rc2
Qa3 28. Ra1 Qf8 29. Qb6 1-0

[Event "Klatovy"]
[Site "?"]
[Date "2007.??.??"]
[Round "?"]
[White "Hruska, O."]
[Black "Sott, P."]
[Result "0-1"]
[WhiteElo "1880"]
[BlackElo "2115"]
[PlyCount "68"]
[EventDate "2007.??.??"]

1. d4 Nf6 2. c4 c5 3. d5 e6 4. Nc3 exd5 5. cxd5 g6 6. e4 d6 7. h3 Bg7 8. Nf3
O-O 9. Be2 b5 10. Bxb5 Nxe4 11. O-O Nxc3 12. bxc3 Bxc3 13. Rb1 Bg7 14. Bf4 Bf5
15. Rb3 Qc7 16. Re1 a6 17. Ba4 h5 18. Nh4 Bd7 19. Rbe3 Bd4 20. Re4 Bf6 21. Bg3
Bxa4 22. Qxa4 Nd7 23. f4 Nb6 24. Qd1 Bd4+ 25. Kh1 Nxd5 26. Qf3 Qc6 27. f5 Nc3
28. fxg6 fxg6 29. Qd3 Nxe4 30. Rxe4 d5 31. Re7 Qf6 32. Re1 Rae8 33. Nxg6 Rxe1+
34. Bxe1 Qf1+ 0-1

[Event "Klatovy"]
[Site "?"]
[Date "2007.??.??"]
[Round "?"]
[White "Grill, R."]
[Black "Hadrava, J."]
[Result "1/2-1/2"]
[WhiteElo "2110"]
[BlackElo "1870"]
[PlyCount "119"]
[EventDate "2007.??.??"]

1. e4 d5 2. exd5 Qxd5 3. Nc3 Qd6 4. Nf3 Nf6 5. Bc4 a6 6. d4 b5 7. Bb3 Bb7 8.
Bg5 e6 9. Qd2 c5 10. dxc5 Qxd2+ 11. Nxd2 Nbd7 12. f3 Bxc5 13. O-O-O O-O 14.
Nce4 Nxe4 15. Nxe4 Bxe4 16. fxe4 Nb6 17. c3 h6 18. Bf4 Rfc8 19. Rd3 b4 20. Rf1
bxc3 21. bxc3 Ba3+ 22. Kb1 a5 23. Bc1 a4 24. Bxe6 fxe6 25. Bxa3 Nc4 26. Bb4
Rab8 27. Ka1 Rb7 28. a3 Kh7 29. Ka2 Rbc7 30. h3 Rb7 31. g4 Rbc7 32. Rf2 Rb7 33.
Rf4 Rbc7 34. Rf2 Rb7 35. Rd4 Rbc7 36. h4 Rb7 37. Rf8 Rxf8 38. Bxf8 Rc7 39. Bb4
Ne3 40. e5 Rc4 41. Rxc4 Nxc4 42. Bd6 Kg6 43. Kb1 h5 44. gxh5+ Kxh5 45. Kc2 Kxh4
46. Kd3 Nb6 47. c4 Nc8 48. Bc5 g5 49. Kc3 g4 50. Kb4 Kg5 51. Kxa4 Kf5 52. Kb5
g3 53. Kc6 g2 54. Kd7 Kxe5 55. Kxc8 Kf4 56. a4 e5 57. a5 e4 58. a6 e3 59. a7
g1=Q 60. Bxe3+ 1/2-1/2

[Event "Klatovy"]
[Site "?"]
[Date "2007.??.??"]
[Round "?"]
[White "Kalivoda, L."]
[Black "Ondrejat, M."]
[Result "0-1"]
[WhiteElo "1865"]
[BlackElo "2110"]
[PlyCount "58"]
[EventDate "2007.??.??"]

1. Nf3 c5 2. c4 g6 3. e3 Nf6 4. b3 Bg7 5. Bb2 O-O 6. Be2 Nc6 7. O-O b6 8. d3 d5
9. cxd5 Nxd5 10. Bxg7 Kxg7 11. d4 cxd4 12. Nxd4 Bb7 13. Nxc6 Bxc6 14. Bf3 Rc8
15. Qd4+ Nf6 16. Qf4 Bxf3 17. Qxf3 Qd6 18. Rd1 Rfd8 19. Nc3 Qe5 20. Rxd8 Rxd8
21. Rc1 Rc8 22. Ne2 Qa5 23. Kf1 Qd2 24. Re1 Qxa2 25. Qb7 Re8 26. Nd4 e5 27. Nb5
Ng4 28. Re2 Qb1+ 29. Re1 Qd3+ 0-1

[Event "Klatovy"]
[Site "?"]
[Date "2007.??.??"]
[Round "?"]
[White "Boleslav, P."]
[Black "Grabarczyk, S."]
[Result "1-0"]
[WhiteElo "2105"]
[BlackElo "1860"]
[PlyCount "43"]
[EventDate "2007.??.??"]

1. e4 d5 2. exd5 Qxd5 3. Nc3 Qa5 4. d4 Nf6 5. Nf3 Ne4 6. Bd3 Nxc3 7. bxc3 e5 8.
O-O Be7 9. Nxe5 O-O 10. Qh5 g6 11. Qf3 Kg7 12. Bc4 f6 13. Nxg6 hxg6 14. Qe3 Be6
15. Qh6+ Kf7 16. Qh7+ Ke8 17. Bxe6 g5 18. Bd2 Nc6 19. f4 Nxd4 20. Qg6+ Kd8 21.
Qd3 gxf4 22. cxd4 1-0

[Event "Klatovy"]
[Site "?"]
[Date "2007.??.??"]
[Round "?"]
[White "Svec, L."]
[Black "Jacek, M."]
[Result "0-1"]
[WhiteElo "1855"]
[BlackElo "2105"]
[PlyCount "48"]
[EventDate "2007.??.??"]

1. e4 d5 2. exd5 Nf6 3. Bb5+ Bd7 4. Bc4 Bg4 5. f3 Bf5 6. Nc3 Nbd7 7. Bb5 a6 8.
Bxd7+ Qxd7 9. g4 Bg6 10. d3 Nxd5 11. Bd2 e6 12. Qe2 Bb4 13. a3 Nxc3 14. Bxc3
Bxc3+ 15. bxc3 O-O-O 16. Nh3 e5 17. Nf2 Qc6 18. Kd2 Rhe8 19. h4 h5 20. Rhg1
hxg4 21. Rxg4 f5 22. Rg3 Bh5 23. Rxg7 e4 24. Nd1 exd3 0-1

[Event "Klatovy"]
[Site "?"]
[Date "2007.??.??"]
[Round "?"]
[White "Havlikova, K."]
[Black "Skopec, L."]
[Result "1/2-1/2"]
[WhiteElo "2100"]
[BlackElo "1850"]
[PlyCount "43"]
[EventDate "2007.??.??"]

1. e4 c5 2. Nf3 Nf6 3. Nc3 Nc6 4. d4 d5 5. exd5 Nxd5 6. Nxd5 Qxd5 7. dxc5 Qxc5
8. c3 e6 9. Be3 Qd6 10. Qc2 Bd7 11. Rd1 Qc7 12. Bd3 Bd6 13. Bxh7 O-O-O 14. Be4
Bxh2 15. Rxh2 Rxh2 16. Nxh2 Qxh2 17. Bxc6 Bxc6 18. Rxd8+ Kxd8 19. Bxa7 Qxg2 20.
Bb6+ Ke7 21. Qd2 Qd5 22. Qxd5 1/2-1/2

[Event "Klatovy"]
[Site "?"]
[Date "2007.??.??"]
[Round "?"]
[White "Hruska, J."]
[Black "Krejci, J."]
[Result "0-1"]
[WhiteElo "1850"]
[BlackElo "2100"]
[PlyCount "32"]
[EventDate "2007.??.??"]

1. d4 Nf6 2. Nf3 g6 3. g3 Bg7 4. Bg2 O-O 5. O-O d6 6. Nbd2 Nbd7 7. e4 e5 8.
dxe5 dxe5 9. b3 Qe7 10. Qe2 Ne8 11. Bb2 Nd6 12. Rfe1 b6 13. Nxe5 Bxe5 14. Bxe5
Qxe5 15. f4 Qc5+ 16. Kh1 Bb7 0-1

[Event "Klatovy"]
[Site "?"]
[Date "2007.??.??"]
[Round "?"]
[White "Cmiko, J."]
[Black "Valdman, J."]
[Result "1-0"]
[WhiteElo "2100"]
[BlackElo "1835"]
[PlyCount "63"]
[EventDate "2007.??.??"]

1. e4 e5 2. Nf3 Nc6 3. Bb5 a6 4. Ba4 Nf6 5. O-O b5 6. Bb3 Be7 7. Re1 O-O 8. a4
Bb7 9. d3 d6 10. Nc3 b4 11. Nd5 Nxd5 12. Bxd5 Na5 13. Bxb7 Nxb7 14. d4 Bf6 15.
Be3 c5 16. dxc5 dxc5 17. Qe2 Qc7 18. Red1 Rfd8 19. Qc4 Rxd1+ 20. Rxd1 Rd8 21.
Rd5 Rxd5 22. Qxd5 h6 23. Nd2 Kh7 24. Nc4 Bg5 25. Bxg5 hxg5 26. Nxe5 f6 27. Nd7
c4 28. Qf7 Qd6 29. Nf8+ Kh8 30. g3 Qd1+ 31. Kg2 Nd6 32. Qg6 1-0

[Event "Klatovy"]
[Site "?"]
[Date "2007.??.??"]
[Round "?"]
[White "Travnik, P."]
[Black "Hlavac, R."]
[Result "0-1"]
[WhiteElo "1825"]
[BlackElo "2095"]
[PlyCount "54"]
[EventDate "2007.??.??"]

1. d4 Nf6 2. c4 g6 3. Nc3 d5 4. cxd5 Nxd5 5. e4 Nxc3 6. bxc3 Bg7 7. Bc4 O-O 8.
Ne2 c5 9. Be3 Nc6 10. e5 Qc7 11. Rc1 Rd8 12. f4 b6 13. O-O e6 14. Qe1 Na5 15.
Bd3 Bb7 16. Qf2 Rac8 17. g4 f5 18. exf6 Bxf6 19. f5 gxf5 20. gxf5 e5 21. Ng3
exd4 22. cxd4 Rxd4 23. Be2 Qc6 24. Rc2 Re8 25. Bh5 Re7 26. Re2 Rd3 27. Rfe1
Rdxe3 0-1

[Event "Klatovy"]
[Site "?"]
[Date "2007.??.??"]
[Round "?"]
[White "Cuhra, M."]
[Black "Hampel, R."]
[Result "1-0"]
[WhiteElo "2090"]
[BlackElo "1820"]
[PlyCount "55"]
[EventDate "2007.??.??"]

1. e4 c5 2. Nf3 e6 3. d4 cxd4 4. Nxd4 Nf6 5. Nc3 Nc6 6. Ndb5 Bc5 7. Nd6+ Ke7 8.
Bf4 Qb6 9. Qd2 Bxf2+ 10. Qxf2 Qxb2 11. Nxc8+ Raxc8 12. Qc5+ Ke8 13. Rb1 Qxc2
14. Rc1 Qb2 15. Qb5 Qxb5 16. Nxb5 Nxe4 17. Bd3 Nf6 18. Nd6+ Ke7 19. Nxc8+ Rxc8
20. O-O a6 21. a4 d5 22. Rb1 e5 23. Rxb7+ Ke6 24. Bg5 e4 25. Bxa6 Ra8 26. Rb6
Kd6 27. Bxf6 Kc5 28. Rb5+ 1-0

[Event "Klatovy"]
[Site "?"]
[Date "2007.??.??"]
[Round "?"]
[White "Nguyen, D."]
[Black "Turner, R."]
[Result "0-1"]
[WhiteElo "1820"]
[BlackElo "2085"]
[PlyCount "88"]
[EventDate "2007.??.??"]

1. e4 Nf6 2. e5 Nd5 3. d4 d6 4. c4 Nb6 5. exd6 cxd6 6. Nc3 g6 7. Be3 Bg7 8. Rc1
O-O 9. Be2 Nc6 10. d5 Ne5 11. b3 f5 12. f4 Nf7 13. Nf3 Nd7 14. O-O Nf6 15. Nd4
Ng4 16. Bxg4 fxg4 17. Ne6 Bxe6 18. dxe6 Nh6 19. Bd4 Bxd4+ 20. Qxd4 Nf5 21. Qe4
Qb6+ 22. Kh1 Ng3+ 23. hxg3 Rf5 24. Qxf5 gxf5 25. Nd5 Qd8 26. c5 dxc5 27. Rfd1
b6 28. Ne3 Qf8 29. Rd5 Qh6+ 30. Kg1 Rf8 31. Re5 Rf6 32. Nxf5 Qf8 33. Ne3 Rxf4
34. Nd5 Rd4 35. Rf1 Qg7 36. Nf6+ Kh8 37. Nd7 Qg6 38. Re2 Qd3 39. Rf8+ Kg7 40.
Rf7+ Kh6 41. Re1 Qxg3 42. Ref1 Rd2 43. R7f2 Rxf2 44. Rxf2 Qe3 0-1

[Event "Klatovy"]
[Site "?"]
[Date "2007.??.??"]
[Round "?"]
[White "Cvikl, M."]
[Black "Sterba, K."]
[Result "1-0"]
[WhiteElo "2085"]
[BlackElo "1805"]
[PlyCount "53"]
[EventDate "2007.??.??"]

1. e4 e5 2. Nf3 Nc6 3. Nc3 Nf6 4. Bb5 Bb4 5. O-O O-O 6. d3 d6 7. Bg5 Be6 8. Nd5
Bxd5 9. exd5 Nd4 10. Nxd4 exd4 11. Qf3 a6 12. Ba4 h6 13. Bh4 b5 14. Bb3 Re8 15.
a4 Qe7 16. axb5 axb5 17. h3 Qe5 18. Bxf6 Qxf6 19. Qxf6 gxf6 20. Rxa8 Rxa8 21.
Rd1 Kg7 22. Kf1 Kg6 23. h4 Kf5 24. g3 Kg4 25. Rb1 Kf3 26. c3 dxc3 27. Bd1# 1-0

[Event "Klatovy"]
[Site "?"]
[Date "2007.??.??"]
[Round "?"]
[White "Schanilec, M."]
[Black "Vevera, R."]
[Result "0-1"]
[WhiteElo "1800"]
[BlackElo "2080"]
[PlyCount "50"]
[EventDate "2007.??.??"]

1. c4 Nf6 2. g3 g6 3. Bg2 Bg7 4. e3 d6 5. Ne2 e5 6. d4 Nbd7 7. O-O O-O 8. Na3
Re8 9. b3 c6 10. dxe5 dxe5 11. Bb2 Qc7 12. Qc2 Qb6 13. Bc3 a5 14. Qb2 Qc7 15.
Rfd1 Nc5 16. f4 Nfe4 17. Bxe5 Bxe5 18. fxe5 Bg4 19. Rd4 Qxe5 20. Re1 Nd3 21.
Qb1 Nxe1 22. Rxe4 Qc5 23. Kf2 Nxg2 24. Rxg4 Nxe3 25. Rd4 Nf5 0-1

[Event "Klatovy"]
[Site "?"]
[Date "2007.??.??"]
[Round "?"]
[White "Framberk, J."]
[Black "Palla, R."]
[Result "0-1"]
[WhiteElo "2075"]
[BlackElo "1800"]
[PlyCount "80"]
[EventDate "2007.??.??"]

1. e4 c5 2. Nf3 Nc6 3. d4 cxd4 4. Nxd4 Nf6 5. Nc3 e5 6. Ndb5 d6 7. Bg5 a6 8.
Na3 b5 9. Bxf6 gxf6 10. Nd5 Bg7 11. c3 f5 12. exf5 Bxf5 13. Nc2 O-O 14. Nce3
Bg6 15. a4 Na7 16. axb5 Nxb5 17. Be2 Kh8 18. O-O f5 19. Nb4 Qb6 20. Nc4 Qb7 21.
Nxd6 Nxd6 22. Qxd6 Rfd8 23. Qc6 Qxc6 24. Nxc6 Rd2 25. Rxa6 Rxa6 26. Bxa6 Rxb2
27. Rd1 h6 28. Ne7 Kh7 29. c4 Bf8 30. Nc6 e4 31. Rd7+ Kg8 32. h3 f4 33. Ne5 Bh5
34. Bb7 e3 35. fxe3 fxe3 36. Be4 Kh8 37. g4 e2 38. Nd3 Bc5+ 39. Kg2 e1=Q+ 40.
Nxb2 Qf2+ 0-1

[Event "Klatovy"]
[Site "?"]
[Date "2007.??.??"]
[Round "?"]
[White "Forman, M."]
[Black "Rezac, J."]
[Result "1/2-1/2"]
[WhiteElo "2060"]
[BlackElo "1765"]
[PlyCount "69"]
[EventDate "2007.??.??"]

1. d4 d5 2. Bg5 h6 3. Bh4 Bf5 4. Nd2 Nd7 5. e3 Ngf6 6. Ngf3 e6 7. c4 c6 8. Be2
Be7 9. O-O Ne4 10. Nxe4 Bxe4 11. Bg3 O-O 12. Qd2 Bxf3 13. gxf3 Bh4 14. Rac1
Bxg3 15. fxg3 Nf6 16. Rc2 Qe7 17. Rfc1 Rfd8 18. Qc3 dxc4 19. Bxc4 Nd5 20. Qb3
Nb6 21. f4 Nxc4 22. Rxc4 Rd7 23. Qc3 Rad8 24. b4 a6 25. a4 Qd6 26. Rc5 Ra8 27.
b5 axb5 28. axb5 cxb5 29. Qb2 Ra5 30. Rxb5 Rxb5 31. Qxb5 Kf8 32. Qa5 Ke7 33.
Kf2 b6 34. Qa4 Rc7 35. Rb1 1/2-1/2

[Event "Klatovy"]
[Site "?"]
[Date "2007.??.??"]
[Round "?"]
[White "Janocko, P."]
[Black "Neuman, P."]
[Result "0-1"]
[WhiteElo "2130"]
[BlackElo "2410"]
[PlyCount "146"]
[EventDate "2007.??.??"]

1. d4 d6 2. c4 e5 3. e3 c6 4. Nc3 Nd7 5. Nf3 Ngf6 6. dxe5 dxe5 7. Be2 Be7 8.
O-O O-O 9. Qc2 Qc7 10. b3 Re8 11. Bb2 Bf8 12. Rad1 a5 13. Ne4 Nxe4 14. Qxe4 f6
15. Qc2 Nc5 16. Ba3 Be6 17. Nd2 g6 18. Bxc5 Bxc5 19. Ne4 Qe7 20. Nxc5 Qxc5 21.
Rd2 Rad8 22. Rfd1 Rxd2 23. Qxd2 Kf7 24. e4 Kg7 25. h3 h5 26. Bf3 a4 27. Be2
axb3 28. axb3 Ra8 29. b4 Qe7 30. b5 c5 31. Kh2 Kf7 32. Qh6 Qf8 33. Qd2 b6 34.
Qd3 Ra7 35. Qc2 Ke7 36. Qc1 Qa8 37. Qc2 Ra3 38. Qd2 Qb8 39. Qh6 Bf7 40. Qd2 Ra7
41. Kg1 Be6 42. Qh6 Qg8 43. Qc1 Ra2 44. Bf1 Qa8 45. Qe3 Ra1 46. Rxa1 Qxa1 47.
Qd3 Qc1 48. f3 f5 49. Kf2 Qb2+ 50. Kg1 Qd4+ 51. Kh2 Kd6 52. Kh1 Bc8 53. Kh2 Kc7
54. Be2 f4 55. Bf1 g5 56. Qe2 Bb7 57. g4 fxg3+ 58. Kxg3 Qg1+ 59. Qg2 Qe3 60.
Kh2 Bc8 61. Kh1 Qf4 62. Be2 Be6 63. Kg1 Kd6 64. Qf1 Ke7 65. Qg2 Kf6 66. Qf1
Qg3+ 67. Qg2 Qxh3 68. Qf2 Qh4 69. Bf1 Qxf2+ 70. Kxf2 g4 71. Kg3 Kg5 72. fxg4
Bxg4 73. Bh3 h4+ 0-1

[Event "Klatovy"]
[Site "?"]
[Date "2007.??.??"]
[Round "?"]
[White "Brom, J."]
[Black "Michalek, J."]
[Result "1-0"]
[WhiteElo "2120"]
[BlackElo "2355"]
[PlyCount "47"]
[EventDate "2007.??.??"]

1. e4 c5 2. Nf3 Nc6 3. Bb5 e6 4. O-O Nge7 5. Re1 a6 6. Bf1 d5 7. exd5 Nxd5 8.
d4 Be7 9. dxc5 O-O 10. c4 Nf6 11. Qe2 Bxc5 12. Bg5 h6 13. Bh4 Nd4 14. Nxd4 Qxd4
15. Bg3 Ne4 16. Qxe4 Qxb2 17. Re2 Qb4 18. Be5 Bd7 19. Rb2 Qa5 20. Bc3 Qc7 21.
Rxb7 Qc8 22. Bd3 f5 23. Qe5 Rf7 24. Rc7 1-0

[Event "Klatovy"]
[Site "?"]
[Date "2007.??.??"]
[Round "?"]
[White "Sott, P."]
[Black "Trmal, J."]
[Result "1-0"]
[WhiteElo "2115"]
[BlackElo "2320"]
[PlyCount "55"]
[EventDate "2007.??.??"]

1. e4 e5 2. Nf3 Nc6 3. Bc4 Bc5 4. c3 Nf6 5. d4 exd4 6. cxd4 Bb4+ 7. Nc3 Nxe4 8.
O-O Bxc3 9. d5 Bf6 10. Re1 Ne7 11. Rxe4 d6 12. Bg5 Bxg5 13. Nxg5 h6 14. Qe2
hxg5 15. Re1 Be6 16. dxe6 f6 17. Re3 d5 18. Rh3 Rf8 19. Bd3 Qd6 20. Qh5+ Kd8
21. Qf7 Rxf7 22. Rh8+ Ng8 23. exf7 Kd7 24. Rxg8 Rf8 25. Bf5+ Kc6 26. Rxf8 Qxf8
27. Bg6 Qb4 28. Re8 1-0

[Event "Klatovy"]
[Site "?"]
[Date "2007.??.??"]
[Round "?"]
[White "Stross, F."]
[Black "Routner, J."]
[Result "1-0"]
[WhiteElo "2315"]
[BlackElo "2135"]
[PlyCount "83"]
[EventDate "2007.??.??"]

1. e4 g6 2. d4 Bg7 3. Nc3 d6 4. Be3 c6 5. Qd2 b5 6. Bd3 Nd7 7. Nf3 Nb6 8. h3
Nc4 9. Bxc4 bxc4 10. O-O Qa5 11. Rfe1 h5 12. b3 Ba6 13. Na4 Qxd2 14. Bxd2 Nh6
15. Nb2 cxb3 16. axb3 Bb7 17. Nc4 Kd7 18. Ra4 Rhb8 19. Rea1 c5 20. Rxa7 Rxa7
21. Rxa7 cxd4 22. Na5 Kc7 23. Rxb7+ Rxb7 24. Nxb7 Kxb7 25. Nxd4 Bxd4 26. Bxh6
Kc6 27. Kf1 Kb5 28. Bd2 e6 29. Ke2 Bc5 30. c4+ Kc6 31. b4 Bd4 32. Be3 Bc3 33.
b5+ Kc7 34. Kd3 Bb4 35. Bd4 Kd7 36. e5 d5 37. c5 Be1 38. f3 Bg3 39. Kc3 f6 40.
exf6 e5 41. Bg1 Ke6 42. c6 1-0

[Event "Klatovy"]
[Site "?"]
[Date "2007.??.??"]
[Round "?"]
[White "Ondrejat, M."]
[Black "Sodoma, J."]
[Result "0-1"]
[WhiteElo "2110"]
[BlackElo "2315"]
[PlyCount "54"]
[EventDate "2007.??.??"]

1. e4 e5 2. Nf3 Nc6 3. Bb5 a6 4. Ba4 Nf6 5. O-O Be7 6. Re1 b5 7. Bb3 d6 8. c3
O-O 9. d4 Bg4 10. Be3 Na5 11. Bc2 Nc4 12. Bc1 exd4 13. cxd4 Re8 14. b3 Nb6 15.
Nbd2 c5 16. h3 Bh5 17. Nf1 Rc8 18. g4 Bg6 19. Ng3 d5 20. e5 Bxc2 21. Qxc2 cxd4
22. Qf5 g6 23. exf6 gxf5 24. fxe7 Rxe7 25. Rxe7 Qxe7 26. Bg5 f6 27. Re1 Qxe1+
0-1

[Event "Klatovy"]
[Site "?"]
[Date "2007.??.??"]
[Round "?"]
[White "Plat, V."]
[Black "Gdovin, J."]
[Result "0-1"]
[WhiteElo "2280"]
[BlackElo "2115"]
[PlyCount "92"]
[EventDate "2007.??.??"]

1. g3 e5 2. Bg2 Nc6 3. c4 g6 4. Nc3 Bg7 5. e3 d6 6. Nge2 Be6 7. b3 Qd7 8. h3
Nge7 9. Bb2 O-O 10. d3 d5 11. e4 dxc4 12. dxc4 Nd4 13. Nxd4 exd4 14. Nd5 c6 15.
Nf4 f5 16. Nd3 b6 17. e5 Rae8 18. f4 g5 19. Qd2 Ng6 20. O-O-O gxf4 21. gxf4 c5
22. h4 Bh6 23. h5 Ne7 24. Qf2 Rc8 25. Rdg1 Kh8 26. Bf3 b5 27. Qc2 bxc4 28. bxc4
Rc7 29. Ba3 Rb8 30. Kd1 Qc8 31. Qa4 Rb6 32. Bc1 Ra6 33. Qb3 Qd7 34. Nb2 Nc6 35.
Bd5 Rb6 36. Qf3 Nb4 37. Bxe6 Qxe6 38. Qa8+ Rc8 39. Qxa7 Qc6 40. Rh3 Ra6 41. Qf7
Qe4 42. Rh2 Nxa2 43. Na4 Qf3+ 44. Kc2 Rb8 45. Qxf5 d3+ 46. Kd2 Bxf4+ 0-1

[Event "Klatovy"]
[Site "?"]
[Date "2007.??.??"]
[Round "?"]
[White "Jacek, M."]
[Black "Vorisek, J."]
[Result "0-1"]
[WhiteElo "2105"]
[BlackElo "2265"]
[PlyCount "98"]
[EventDate "2007.??.??"]

1. e4 e5 2. Nf3 d6 3. d4 Nf6 4. Nc3 Nbd7 5. Bc4 Be7 6. O-O O-O 7. h3 c6 8. Bb3
a6 9. a4 b6 10. Re1 Bb7 11. Bg5 Qc7 12. Qd2 b5 13. axb5 axb5 14. Rad1 b4 15.
Nb1 c5 16. dxc5 dxc5 17. Bd5 Bxd5 18. exd5 Bd6 19. Bxf6 Nxf6 20. Nxe5 Bxe5 21.
d6 Bxd6 22. Qxd6 Qxd6 23. Rxd6 Rfd8 24. Red1 Rxd6 25. Rxd6 Kf8 26. c4 Ra2 27.
Rd8+ Ke7 28. Rd2 Ke6 29. f3 Ra1 30. Rd1 Nd7 31. Kf2 Ne5 32. b3 Nc6 33. Re1+ Kd7
34. Nd2 Ra2 35. Ke3 Nd4 36. Rb1 f5 37. f4 Rc2 38. h4 h5 39. Ra1 Rc3+ 40. Kf2
Nxb3 41. Ra7+ Kc6 42. Nf3 Kb6 43. Rxg7 Rxc4 44. Rh7 Nd4 45. Rxh5 Nxf3 46. Rh6+
Kb5 47. Kxf3 b3 48. Re6 b2 49. Re8 Rb4 0-1

[Event "Klatovy"]
[Site "?"]
[Date "2007.??.??"]
[Round "?"]
[White "Havlik, J."]
[Black "Cmiko, J."]
[Result "1-0"]
[WhiteElo "2260"]
[BlackElo "2100"]
[PlyCount "55"]
[EventDate "2007.??.??"]

1. e4 c5 2. Nf3 d6 3. d4 cxd4 4. Nxd4 Nf6 5. Nc3 a6 6. Bc4 e6 7. Bb3 Nbd7 8.
O-O Nc5 9. Bg5 Be7 10. Qe1 O-O 11. Rd1 Qc7 12. f4 b5 13. e5 dxe5 14. fxe5 Ne8
15. Bxe7 Qxe7 16. Ne4 Bb7 17. Nxc5 Qxc5 18. c3 Nc7 19. Bc2 Rad8 20. b4 Qe7 21.
Rd3 Nd5 22. Rh3 g6 23. Qd2 f5 24. exf6 Rxf6 25. Rxf6 Qxf6 26. Qh6 Qf7 27. Bxg6
Qxg6 28. Rg3 1-0

[Event "Klatovy"]
[Site "?"]
[Date "2007.??.??"]
[Round "?"]
[White "Lacina, A."]
[Black "Cuhra, M."]
[Result "1-0"]
[WhiteElo "2250"]
[BlackElo "2090"]
[PlyCount "77"]
[EventDate "2007.??.??"]

1. e4 c5 2. Nc3 Nc6 3. g4 a6 4. Bg2 d6 5. d3 h5 6. g5 e5 7. h4 Nge7 8. Nge2 Nd4
9. Ng3 Bg4 10. f3 Be6 11. Nce2 Nec6 12. c3 Nxe2 13. Qxe2 d5 14. exd5 Bxd5 15.
Ne4 Be7 16. Be3 b6 17. f4 Qd7 18. f5 f6 19. Qf3 O-O-O 20. a4 Kb8 21. O-O Bb3
22. a5 bxa5 23. Kh1 Rc8 24. Bxc5 Rhd8 25. Qf2 Bd5 26. Bb6 Rf8 27. g6 Qb7 28. c4
Bxe4 29. Bxe4 Bd8 30. Bxa5 Qa7 31. Bxd8 Rfxd8 32. b4 Qxf2 33. Rxf2 Kc7 34. Rb2
Kb6 35. c5+ Kb5 36. Bxc6+ Kxc6 37. Rxa6+ Kb7 38. Rb6+ Kc7 39. Ra2 1-0

[Event "Klatovy"]
[Site "?"]
[Date "2007.??.??"]
[Round "?"]
[White "Krejci, J."]
[Black "Palek, M."]
[Result "0-1"]
[WhiteElo "2100"]
[BlackElo "2245"]
[PlyCount "74"]
[EventDate "2007.??.??"]

1. d4 Nf6 2. c4 c5 3. d5 e5 4. Nc3 d6 5. e4 Be7 6. Bd3 Nbd7 7. Be3 Nf8 8. f3 h5
9. Nge2 h4 10. Qd2 Ng6 11. a3 Nh5 12. g3 Bd7 13. f4 exf4 14. gxf4 h3 15. O-O-O
Nh4 16. Bc2 a6 17. e5 Nf5 18. Ne4 b6 19. N2g3 Nhxg3 20. hxg3 Qc7 21. Bf2 O-O-O
22. g4 Nd4 23. Bxd4 cxd4 24. exd6 Bxd6 25. Nxd6+ Qxd6 26. f5 Rh4 27. Qxd4 g6
28. Rdf1 Kc7 29. Rf3 h2 30. b4 Qe7 31. Re3 Qg5 32. d6+ Kb7 33. Be4+ Ka7 34. Kb2
gxf5 35. Qd5 Qf6+ 36. Kb3 fxe4 37. Rc3 Bxg4 0-1